Werder Bremen Kader 25/26 - Statistiken

Allgemein
  • Dieses Quiz wurde 176 mal gespielt
  • Das Durchschnittsergebnis liegt bei 23 aus 31
Antwortstatistiken
Rückennummer Position Spieler % Korrekt
30 TW Mio Backhaus
97%
20 ZOM Romano Schmid
96%
6 ZM Jens Stage
94%
32 IV Marco Friedl
94%
44 ST Victor Boniface
93%
8 RV Mitchell Weiser
92%
9 ST Keke Topp
91%
4 IV Niklas Stark
88%
27 LV Felix Agu
87%
11 RF Justin Njinmah
87%
5 IV Amos Pieper
86%
10 ZM Leonardo Bittencourt
85%
17 LF Marco Grüll
85%
7 LF Samuel Mbangula
85%
14 ZDM Senne Lynen
85%
31 IV Karim Coulibaly
80%
13 TW Karl Hein
80%
3 RV Yukinari Sugawara
79%
23 RV Isaac Schmidt
75%
18 ZOM Cameron Puertas
70%
24 ZOM Patrice Covic
70%
2 LV Olivier Deman
69%
25 TW Markus Kolke
66%
22 IV Julián Malatini
60%
28 ZDM Skelly Alvero
58%
39 IV Maximilian Wöber
52%
33 IV Mick Schmetgens
46%
29 ST Salim Musah
41%
21 ZOM Isak Hansen-Aarøen
34%
34 ZDM Wesley Adeh
34%
37 TW Stefan Smarkalev
30%
Keine übereinstimmenden Quizze gefunden
Verteilung der Resultate
Anzahl Personen mit jedem Resultat
Perzentil nach korrekt beantworteten Fragen
Ihre Resultats-Entwicklung
Sie haben dieses Quiz noch nicht gespielt